Libertad y derecho constitucional en Pedro Lombardía
Saved in:
| Hovedforfatter: | |
|---|---|
| Format: | Bog |
| Sprog: | spansk |
| Udgivet: |
Pamplona
Ediciones Universitarias de Navarra
1998
|
| Udgivelse: | 1a. ed |
| Serier: | Colección Canónica
|
| Fag: | |
| Tags: |
Tilføj Tag
Ingen Tags, Vær først til at tagge denne postø!
|
MARC
| LEADER | 00000cam a2200000 a 4500 | ||
|---|---|---|---|
| 001 | UCE4877 | ||
| 003 | CL-VaPUC | ||
| 008 | 141113e19980000sp |||||||||||||||||spa|d | ||
| 082 | 0 | 4 | |a 342.46 |b GOM |2 21 |
| 100 | 0 | |a Gómez-Iglesias, Valentín |e author |9 577338 | |
| 245 | 1 | 0 | |a Libertad y derecho constitucional en Pedro Lombardía |
| 250 | |a 1a. ed | ||
| 300 | |a 147 p | ||
| 942 | |c BK | ||
| 945 | |d 20141113 14:00:00 |a arojas | ||
| 260 | |a Pamplona |b Ediciones Universitarias de Navarra |c 1998 | ||
| 650 | 0 | |a Derecho constitucional |9 222588 | |
| 650 | 0 | |a Libertad |9 255686 | |
| 583 | |a last modification |c 20141113 14:00:00 |k Rodrigo Vera | ||
| 490 | 0 | |a Colección Canónica | |
| 999 | |c 357735 |d 357733 | ||
| 952 | |0 0 |1 0 |3 erb |4 0 |6 342_460000000000000_GOM_1998 |7 0 |8 A |9 465785 |a BIBDER |b BIBDER |i 5125030 |o 342.46 GOM 1998 |p 5125030 |r 2023-01-25 |w 2019-11-23 |y BK |z Catalogado en:20141113 |k DER | ||